000 00392 a2200109 4500
001 ART_13040
005 20260410161817.0
008 260409a
245 1 0 _aDerechos humanos y ambiente, denominadores comunes del derecho internacional contemporáneo
100 1 _aDel Castillo, Lilian
773 0 _tRevista Juridica de Buenos Aires
_gDerechos humanos (ene. 2007)
_wREV4315
999 _c21961
_d21961